| 000 | 00574nam a2200217Ia 4500 | ||
|---|---|---|---|
| 003 | GCL | ||
| 008 | 140319s9999 xx 000 0 eng d | ||
| 040 |
_aGCL / _cGCL |
||
| 082 | 0 | 4 |
_a261.85 _bN T |
| 100 | 1 | _aNOVOK, MKHAEL | |
| 245 | 1 | 0 |
_aThe Catholic Ethic and the spirit of capitalism / _cNOVOK, MKHAEL |
| 260 |
_a[S.N] : _bTHE FREE PRESS ، _c1993 |
||
| 300 | _a334 | ||
| 650 | 0 | 4 | _aSOCIOLOGY - CHRISTIAN |
| 650 | 0 | 4 | _aCATHOLIC |
| 650 | 0 | 4 | _aCATHOLIC CHURCH |
| 650 | 0 | 4 | _aSOCIAL JUSTICE |
| 650 | 0 | 4 | _aCAPITALISM |
| 650 | 0 | 4 | _aRELIGIOUS ASPECTS |
| 942 |
_2ddc _cBK |
||
| 999 |
_c11051 _d11051 |
||